Sports Quiz

Random Sports or WWE Quiz
Score 0/11 Timer 05:00
0 Plays Today
% Correct
Brock Lesnar
88%
Zack Ryder
84.3%
Kevin Nash
79%
Bobby Lashley
62.2%
Baron Corbin
57.1%
Tazz
54.6%
Big Show
49.9%
Ludvig Borga
47.8%
Kane
47.3%
Skip
45.3%
Goldberg
39.3%

You're not logged in!

Compare scores with friends on all Sporcle quizzes.
OR
Log In

Sporcle TV

Today on Sporcle TV


Watch our educational content, quiz creation guides, and fun videos on Sporcle TV.

Show Comments

Extras

Top Quizzes Today


Score Distribution

Paid Content

Your Account Isn't Verified!

In order to create a playlist on Sporcle, you need to verify the email address you used during registration. Go to your Sporcle Settings to finish the process.

Report this User

Report this user for behavior that violates our Community Guidelines.

Details: